00443 2200181 4500001002100000005001500021008004100036020002200077035001900099041000700118082000800125090001400133100002600147245002200173260002800195300001800223650002000241INLIS00000000001522320241224114907241224||||||||| | ||| |||| || |  a978-602-8223-56-0 0010-1224015223 aid0 a500 a500 BED s0 aCamila de la Bedoyere00a100 fakta tentang aBandungbExamediac2008 a48hlm;17x25cm 0ailmu ilmu murni